[Event "Elite Hotels Open 2025"]
[Site "Elite Stadshotellet, Växjö, Sweden"]
[Date "2025.02.09"]
[Round "7.1"]
[White "Trost, Edvin"]
[Black "Falkevall, Axel"]
[Result "1-0"]
[TimeControl "R1-4: 15 min + 5 sek, R5-8: 90 min + 30 sek"]
[WhiteTitle "IM"]
[BlackTitle "FM"]
[WhiteElo "2462"]
[BlackElo "2401"]

1. e4 {[%clk 01:27:27]} {[%emt 00:03:33]} c5 {[%clk 01:30:42]} {[%emt
00:00:18]} 2. Nf3 {[%clk 01:27:48]} {[%emt 00:00:09]} Nc6 {[%clk 01:31:05]}
{[%emt 00:00:07]} 3. Bb5 {[%clk 01:28:04]} {[%emt 00:00:14]} e5 {[%clk
01:30:48]} {[%emt 00:00:47]} 4. O-O {[%clk 01:28:19]} {[%emt 00:00:15]} Bd6
{[%clk 01:31:14]} {[%emt 00:00:05]} 5. c3 {[%clk 01:28:19]} {[%emt 00:00:31]}
a6 {[%clk 01:30:25]} {[%emt 00:01:18]} 6. Ba4 {[%clk 01:28:37]} {[%emt
00:00:12]} b5 {[%clk 01:30:42]} {[%emt 00:00:13]} 7. Bb3 {[%clk 01:29:03]}
{[%emt 00:00:04]} c4 {[%clk 01:30:52]} {[%emt 00:00:20]} 8. Bc2 {[%clk
01:29:28]} {[%emt 00:00:05]} Nf6 {[%clk 01:28:12]} {[%emt 00:03:10]} 9. b3
{[%clk 01:28:51]} {[%emt 00:01:07]} O-O {[%clk 01:20:26]} {[%emt 00:08:15]} 10.
Qe2 {[%clk 01:12:00]} {[%emt 00:17:21]} Bc7 {[%clk 01:07:41]} {[%emt 00:13:15]}
11. bxc4 {[%clk 01:10:51]} {[%emt 00:01:41]} bxc4 {[%clk 01:07:59]} {[%emt
00:00:10]} 12. Qxc4 {[%clk 01:05:47]} {[%emt 00:05:35]} a5 {[%clk 01:06:38]}
{[%emt 00:01:51]} 13. Qe2 {[%clk 01:03:56]} {[%emt 00:02:21]} d5 {[%clk
00:55:01]} {[%emt 00:12:06]} 14. exd5 {[%clk 01:00:28]} {[%emt 00:03:59]} e4
{[%clk 00:53:38]} {[%emt 00:01:53]} 15. Bxe4 {[%clk 00:49:41]} {[%emt
00:11:17]} Nxe4 {[%clk 00:52:03]} {[%emt 00:02:05]} 16. Qxe4 {[%clk 00:29:26]}
{[%emt 00:20:45]} Re8 {[%clk 00:51:30]} {[%emt 00:01:02]} 17. Qh4 {[%clk
00:14:25]} {[%emt 00:15:31]} Qxd5 {[%clk 00:46:18]} {[%emt 00:05:42]} 18. c4
{[%clk 00:14:55]} Qd3 {[%clk 00:44:21]} {[%emt 00:02:26]} 19. Nc3 {[%clk
00:15:20]} {[%emt 00:00:05]} Ba6 {[%clk 00:35:45]} {[%emt 00:09:06]} 20. Bb2
{[%clk 00:12:53]} {[%emt 00:02:57]} Ne5 {[%clk 00:26:27]} {[%emt 00:09:49]} 21.
Nd5 {[%clk 00:08:55]} {[%emt 00:04:26]} Nxf3+ {[%clk 00:22:56]} {[%emt
00:04:02]} 22. gxf3 {[%clk 00:09:23]} {[%emt 00:00:02]} Be5 {[%clk 00:13:42]}
{[%emt 00:09:45]} 23. Bxe5 {[%clk 00:09:43]} {[%emt 00:00:10]} Rxe5 {[%clk
00:14:10]} 24. Qg3 {[%clk 00:08:08]} {[%emt 00:02:04]} Qd4 {[%clk 00:10:16]}
{[%emt 00:04:26]} 25. Nc7 {[%clk 00:02:54]} {[%emt 00:05:44]} Ra7 {[%clk
00:08:02]} {[%emt 00:02:44]} 26. Rae1 {[%clk 00:03:23]} f6 {[%clk 00:07:13]}
{[%emt 00:01:19]} 27. Rxe5 {[%clk 00:00:52]} {[%emt 00:03:01]} fxe5 {[%clk
00:07:17]} {[%emt 00:00:26]} 28. Nxa6 {[%clk 00:00:33]} {[%emt 00:00:50]} Rxa6
{[%clk 00:07:37]} {[%emt 00:00:10]} 29. Qh3 {[%clk 00:00:34]} {[%emt 00:00:28]}
Rg6+ {[%clk 00:07:11]} {[%emt 00:00:55]} 30. Kh1 {[%clk 00:01:03]} Qxc4 {[%clk
00:07:05]} {[%emt 00:00:38]} 31. Rb1 {[%clk 00:01:17]} {[%emt 00:00:17]} Rf6
{[%clk 00:04:13]} {[%emt 00:03:21]} 32. Rb8+ {[%clk 00:00:32]} {[%emt
00:01:14]} Rf8 {[%clk 00:04:09]} {[%emt 00:00:35]} 33. Rxf8+ {[%clk 00:00:45]}
{[%emt 00:00:17]} Kxf8 {[%clk 00:04:37]} 34. Qf5+ {[%clk 00:01:09]} {[%emt
00:00:07]} Kg8 {[%clk 00:04:50]} {[%emt 00:00:16]} 35. Qb1 {[%clk 00:01:37]}
{[%emt 00:00:02]} Qe2 {[%clk 00:03:47]} {[%emt 00:01:33]} 36. Qb8+ {[%clk
00:01:39]} {[%emt 00:00:29]} Kf7 {[%clk 00:04:13]} {[%emt 00:00:04]} 37. Qc7+
{[%clk 00:01:22]} {[%emt 00:00:47]} Ke6 {[%clk 00:03:26]} {[%emt 00:01:16]} 38.
Qc6+ {[%clk 00:00:48]} {[%emt 00:01:05]} Ke7 {[%clk 00:03:40]} {[%emt
00:00:16]} 39. Qc7+ {[%clk 00:01:07]} {[%emt 00:00:11]} Ke6 {[%clk 00:04:05]}
{[%emt 00:00:04]} 40. Kg2 {[%clk 00:00:59]} {[%emt 00:00:39]} Qxd2 {[%clk
00:04:21]} {[%emt 00:00:14]} 41. Qxg7 {[%clk 00:01:26]} {[%emt 00:00:03]} h6
{[%clk 00:04:00]} {[%emt 00:00:51]} 42. Qg8+ {[%clk 00:01:52]} {[%emt
00:00:04]} Kf6 {[%clk 00:04:13]} {[%emt 00:00:17]} 43. Qc4 {[%clk 00:01:34]}
{[%emt 00:00:48]} Qg5+ {[%clk 00:03:46]} {[%emt 00:00:57]} 44. Kf1 {[%clk
00:02:03]} {[%emt 00:00:01]} Qd2 {[%clk 00:04:04]} {[%emt 00:00:11]} 45. a4
{[%clk 00:02:14]} {[%emt 00:00:20]} Qd1+ {[%clk 00:04:10]} {[%emt 00:00:24]} 46.
Kg2 {[%clk 00:02:42]} {[%emt 00:00:02]} Qd2 {[%clk 00:04:34]} {[%emt 00:00:06]}
47. Qc6+ {[%clk 00:02:10]} {[%emt 00:01:02]} Ke7 {[%clk 00:04:09]} {[%emt
00:00:54]} 48. Qe4 {[%clk 00:01:35]} {[%emt 00:01:05]} Qg5+ {[%clk 00:03:26]}
{[%emt 00:01:13]} 49. Qg4 {[%clk 00:01:49]} {[%emt 00:00:16]} Qd2 {[%clk
00:03:31]} {[%emt 00:00:25]} 50. h4 {[%clk 00:01:23]} {[%emt 00:00:56]} Kf6
{[%clk 00:01:50]} {[%emt 00:02:11]} 51. Qe4 {[%clk 00:01:14]} {[%emt 00:00:39]}
Qd7 {[%clk 00:01:07]} {[%emt 00:01:14]} 52. Kg3 {[%clk 00:00:50]} {[%emt
00:00:54]} Qd1 {[%clk 00:00:50]} {[%emt 00:00:47]} 53. f4 {[%clk 00:00:32]}
{[%emt 00:00:48]} Qg1+ {[%clk 00:01:01]} {[%emt 00:00:19]} 54. Kh3 {[%clk
00:00:59]} {[%emt 00:00:03]} Qf1+ {[%clk 00:01:23]} {[%emt 00:00:08]} 55. Kg3
{[%clk 00:01:26]} {[%emt 00:00:03]} Qg1+ {[%clk 00:01:50]} {[%emt 00:00:03]} 56.
Kh3 {[%clk 00:01:38]} {[%emt 00:00:17]} Qf1+ {[%clk 00:02:14]} {[%emt
00:00:06]} 57. Kg4 {[%clk 00:01:04]} {[%emt 00:01:04]} Qd1+ {[%clk 00:01:17]}
{[%emt 00:01:28]} 58. f3 {[%clk 00:01:27]} {[%emt 00:00:06]} exf4 {[%clk
00:00:59]} {[%emt 00:00:48]} 59. Qxf4+ {[%clk 00:01:51]} {[%emt 00:00:07]} Kg7
{[%clk 00:00:46]} {[%emt 00:00:43]} 60. Qe5+ {[%clk 00:02:12]} {[%emt
00:00:09]} Kg6 {[%clk 00:01:12]} {[%emt 00:00:04]} 61. h5+ {[%clk 00:01:51]}
{[%emt 00:00:51]} Kf7 {[%clk 00:01:34]} {[%emt 00:00:08]} 62. Qf5+ {[%clk
00:00:41]} {[%emt 00:01:41]} Ke7 {[%clk 00:01:57]} {[%emt 00:00:06]} 63. Qe4+
{[%clk 00:00:32]} {[%emt 00:00:39]} Kf6 {[%clk 00:01:41]} {[%emt 00:00:45]} 64.
Qf5+ {[%clk 00:00:58]} {[%emt 00:00:04]} Ke7 {[%clk 00:02:05]} {[%emt
00:00:06]} 65. Qxa5 {[%clk 00:00:57]} {[%emt 00:00:32]} Qg1+ {[%clk 00:02:24]}
{[%emt 00:00:11]} 66. Kf4 {[%clk 00:01:24]} {[%emt 00:00:02]} Qd4+ {[%clk
00:02:22]} {[%emt 00:00:32]} 67. Kg3 {[%clk 00:01:22]} {[%emt 00:00:31]} Qg1+
{[%clk 00:02:47]} {[%emt 00:00:07]} 68. Kf4 {[%clk 00:01:51]} Qd4+ {[%clk
00:03:12]} {[%emt 00:00:05]} 69. Kf5 {[%clk 00:02:18]} {[%emt 00:00:03]} Qd3+
{[%clk 00:03:15]} {[%emt 00:00:27]} 70. Kg4 {[%clk 00:02:30]} {[%emt 00:00:17]}
Qd4+ {[%clk 00:02:42]} {[%emt 00:01:03]} 71. Kh3 {[%clk 00:02:57]} {[%emt
00:00:03]} Qe3 {[%clk 00:02:38]} {[%emt 00:00:35]} 72. Qf5 {[%clk 00:03:13]}
{[%emt 00:00:13]} Qg1 {[%clk 00:02:37]} {[%emt 00:00:31]} 73. Qe4+ {[%clk
00:03:00]} {[%emt 00:00:45]} Kd8 {[%clk 00:02:58]} {[%emt 00:00:08]} 74. Qh4+
{[%clk 00:02:51]} {[%emt 00:00:39]} Ke8 {[%clk 00:03:17]} {[%emt 00:00:10]} 75.
Qe4+ {[%clk 00:02:18]} {[%emt 00:01:04]} Kd8 {[%clk 00:03:43]} {[%emt
00:00:04]} 76. Qd5+ {[%clk 00:01:41]} {[%emt 00:01:08]} Ke7 {[%clk 00:04:06]}
{[%emt 00:00:05]} 77. Qe5+ {[%clk 00:02:02]} {[%emt 00:00:10]} Kd7 {[%clk
00:04:23]} {[%emt 00:00:12]} 78. Qf5+ {[%clk 00:01:09]} {[%emt 00:01:24]} Kc7
{[%clk 00:04:38]} {[%emt 00:00:15]} 79. a5 {[%clk 00:00:43]} {[%emt 00:00:57]}
Qh1+ {[%clk 00:04:42]} {[%emt 00:00:25]} 80. Kg4 {[%clk 00:01:03]} {[%emt
00:00:09]} Qg2+ {[%clk 00:04:57]} {[%emt 00:00:16]} 81. Kf4 {[%clk 00:01:31]}
{[%emt 00:00:02]} Qd2+ {[%clk 00:05:18]} {[%emt 00:00:09]} 82. Ke4 {[%clk
00:01:57]} {[%emt 00:00:04]} Qb4+ {[%clk 00:04:47]} {[%emt 00:01:00]} 83. Kd5
{[%clk 00:01:07]} {[%emt 00:01:21]} Qxa5+ {[%clk 00:04:07]} {[%emt 00:01:11]}
84. Ke6 {[%clk 00:01:35]} Qb6+ {[%clk 00:02:24]} {[%emt 00:02:12]} 85. Kf7
{[%clk 00:02:03]} {[%emt 00:00:03]} Qb3 {[%clk 00:02:45]} {[%emt 00:00:09]} 86.
Kg7 {[%clk 00:02:22]} {[%emt 00:00:11]} Qe3 {[%clk 00:02:05]} {[%emt 00:01:10]}
87. f4 {[%clk 00:02:45]} {[%emt 00:00:08]} Qg3 {[%clk 00:01:52]} {[%emt
00:00:42]} 88. Kxh6 {[%clk 00:03:05]} {[%emt 00:00:11]} Qb3 {[%clk 00:01:56]}
{[%emt 00:00:25]} 89. Qe5+ {[%clk 00:03:09]} {[%emt 00:00:26]} Kd7 {[%clk
00:02:21]} {[%emt 00:00:05]} 90. f5 {[%clk 00:03:28]} {[%emt 00:00:11]} Qf3
{[%clk 00:02:39]} {[%emt 00:00:11]} 91. f6 {[%clk 00:03:42]} {[%emt 00:00:17]}
Qc6 {[%clk 00:01:59]} {[%emt 00:01:10]} 92. Qf5+ {[%clk 00:03:36]} {[%emt
00:00:36]} Kd8 {[%clk 00:02:12]} {[%emt 00:00:16]} 93. Kh7 {[%clk 00:03:48]}
{[%emt 00:00:17]} Qc7+ {[%clk 00:01:51]} {[%emt 00:00:53]} 94. f7 {[%clk
00:04:01]} {[%emt 00:00:17]} Qe7 {[%clk 00:02:14]} {[%emt 00:00:07]} 95. Kg8
{[%clk 00:04:23]} {[%emt 00:00:08]} 1-0

[Event "Elite Hotels Open 2025"]
[Site "Elite Stadshotellet, Växjö, Sweden"]
[Date "2025.02.09"]
[Round "7.2"]
[White "Cederstam, Carl"]
[Black "Gdanski, Jacek"]
[Result "1/2-1/2"]
[TimeControl "R1-4: 15 min + 5 sek, R5-8: 90 min + 30 sek"]
[WhiteTitle "FM"]
[BlackTitle "GM"]
[WhiteElo "2264"]
[BlackElo "2483"]

1. d4 {[%clk 01:29:31]} {[%emt 00:01:28]} Nf6 {[%clk 01:29:53]} {[%emt
00:01:07]} 2. c4 {[%clk 01:28:35]} {[%emt 00:01:26]} e6 {[%clk 01:30:04]}
{[%emt 00:00:20]} 3. Nf3 {[%clk 01:28:00]} {[%emt 00:01:04]} b6 {[%clk
01:29:32]} {[%emt 00:01:03]} 4. a3 {[%clk 01:27:45]} {[%emt 00:00:45]} Ba6
{[%clk 01:22:08]} {[%emt 00:07:54]} 5. Qc2 {[%clk 01:25:17]} {[%emt 00:02:57]}
c5 {[%clk 01:14:20]} {[%emt 00:08:19]} 6. e4 {[%clk 01:17:46]} {[%emt
00:07:59]} cxd4 {[%clk 01:08:33]} {[%emt 00:06:18]} 7. Nxd4 {[%clk 01:16:54]}
{[%emt 00:01:23]} Bc5 {[%clk 01:05:35]} {[%emt 00:03:28]} 8. Nf3 {[%clk
01:16:01]} {[%emt 00:01:21]} Nc6 {[%clk 00:44:14]} {[%emt 00:21:53]} 9. Be2
{[%clk 01:07:05]} {[%emt 00:09:24]} Qc7 {[%clk 00:32:52]} {[%emt 00:11:54]} 10.
O-O {[%clk 00:53:07]} {[%emt 00:14:26]} O-O {[%clk 00:25:37]} {[%emt 00:07:46]}
11. g3 {[%clk 00:41:23]} {[%emt 00:12:14]} Nd4 {[%clk 00:21:34]} {[%emt
00:04:34]} 12. Nxd4 {[%clk 00:41:19]} {[%emt 00:00:34]} Bxd4 {[%clk 00:22:02]}
{[%emt 00:00:02]} 13. Rd1 {[%clk 00:34:51]} {[%emt 00:06:57]} e5 {[%clk
00:20:35]} {[%emt 00:01:58]} 14. Bg5 {[%clk 00:33:40]} {[%emt 00:01:38]} Qc6
{[%clk 00:11:29]} {[%emt 00:09:39]} 15. Nd2 {[%clk 00:33:05]} {[%emt 00:01:03]}
Rac8 {[%clk 00:08:40]} {[%emt 00:03:21]} 16. Rac1 {[%clk 00:32:22]} {[%emt
00:01:13]} b5 {[%clk 00:04:59]} {[%emt 00:04:12]} 17. Nf3 {[%clk 00:17:31]}
{[%emt 00:15:19]} Nxe4 {[%clk 00:03:18]} {[%emt 00:02:12]} 18. Nxd4 {[%clk
00:17:49]} {[%emt 00:00:12]} exd4 {[%clk 00:03:44]} {[%emt 00:00:05]} 19. Bf3
{[%clk 00:17:56]} {[%emt 00:00:21]} d5 {[%clk 00:02:38]} {[%emt 00:01:36]} 20.
Bxe4 {[%clk 00:15:31]} {[%emt 00:02:55]} dxe4 {[%clk 00:03:00]} {[%emt
00:00:09]} 21. Rxd4 {[%clk 00:15:56]} {[%emt 00:00:05]} e3 {[%clk 00:03:11]}
{[%emt 00:00:19]} 22. Bxe3 {[%clk 00:12:40]} {[%emt 00:03:46]} Bb7 {[%clk
00:03:09]} {[%emt 00:00:32]} 23. Kf1 {[%clk 00:13:08]} Rfe8 {[%clk 00:03:08]}
{[%emt 00:00:31]} 24. Qc3 {[%clk 00:07:22]} {[%emt 00:06:17]} bxc4 {[%clk
00:01:17]} {[%emt 00:02:21]} 25. Rf4 {[%clk 00:04:04]} {[%emt 00:03:48]} Qg6
{[%clk 00:01:23]} {[%emt 00:00:24]} 26. Rd1 {[%clk 00:03:33]} {[%emt 00:01:00]}
Rcd8 {[%clk 00:01:17]} {[%emt 00:00:38]} 27. Rfd4 {[%clk 00:03:15]} {[%emt
00:00:47]} Rxd4 {[%clk 00:01:36]} {[%emt 00:00:11]} 28. Rxd4 {[%clk 00:02:16]}
{[%emt 00:01:29]} h6 {[%clk 00:01:38]} {[%emt 00:00:28]} 29. Ke1 {[%clk
00:01:43]} {[%emt 00:01:03]} Bf3 {[%clk 00:01:45]} {[%emt 00:00:23]} 30. Kd2
{[%clk 00:02:01]} {[%emt 00:00:12]} Rb8 {[%clk 00:01:27]} {[%emt 00:00:48]} 31.
Kc1 {[%clk 00:02:16]} {[%emt 00:00:15]} Be2 {[%clk 00:01:34]} {[%emt 00:00:23]}
32. Qa5 {[%clk 00:01:13]} {[%emt 00:01:32]} c3 {[%clk 00:01:10]} {[%emt
00:00:55]} 33. Rd8+ {[%clk 00:01:35]} {[%emt 00:00:08]} Rxd8 {[%clk 00:01:33]}
{[%emt 00:00:07]} 34. Qxd8+ {[%clk 00:02:02]} {[%emt 00:00:03]} Kh7 {[%clk
00:02:01]} {[%emt 00:00:03]} 35. bxc3 {[%clk 00:02:16]} {[%emt 00:00:15]} a6
{[%clk 00:02:06]} {[%emt 00:00:24]} 36. Qd4 {[%clk 00:02:01]} {[%emt 00:00:45]}
Qc6 {[%clk 00:02:10]} {[%emt 00:00:26]} 37. Kb2 {[%clk 00:01:29]} {[%emt
00:01:02]} Bc4 {[%clk 00:02:25]} {[%emt 00:00:16]} 38. Qc5 {[%clk 00:01:40]}
{[%emt 00:00:19]} Qb7+ {[%clk 00:02:26]} {[%emt 00:00:30]} 39. Qb6 {[%clk
00:01:44]} {[%emt 00:00:25]} Qd7 {[%clk 00:02:00]} {[%emt 00:00:56]} 40. Kc1
{[%clk 00:01:32]} {[%emt 00:00:42]} f6 {[%clk 00:01:34]} {[%emt 00:00:56]} 41.
Qc5 {[%clk 00:01:32]} {[%emt 00:00:30]} Qd3 {[%clk 00:01:40]} {[%emt 00:00:24]}
42. Qd4 {[%clk 00:01:54]} {[%emt 00:00:07]} Qe2 {[%clk 00:01:52]} {[%emt
00:00:19]} 43. Qd2 {[%clk 00:01:49]} {[%emt 00:00:35]} Qf1+ {[%clk 00:01:35]}
{[%emt 00:00:48]} 1/2-1/2

[Event "Elite Hotels Open 2025"]
[Site "Elite Stadshotellet, Växjö, Sweden"]
[Date "2025.02.09"]
[Round "7.3"]
[White "Valcu, Lavinia"]
[Black "Hald Falkesgaard, Jeppe"]
[Result "1/2-1/2"]
[TimeControl "R1-4: 15 min + 5 sek, R5-8: 90 min + 30 sek"]
[BlackTitle "FM"]
[WhiteElo "2137"]
[BlackElo "2347"]

1. e4 {[%clk 01:29:58]} {[%emt 00:01:02]} c5 {[%clk 01:29:03]} {[%emt
00:01:57]} 2. Nf3 {[%clk 01:30:22]} {[%emt 00:00:06]} Nc6 {[%clk 01:29:29]}
{[%emt 00:00:04]} 3. d4 {[%clk 01:30:43]} {[%emt 00:00:09]} cxd4 {[%clk
01:29:47]} {[%emt 00:00:12]} 4. Nxd4 {[%clk 01:31:08]} {[%emt 00:00:05]} e5
{[%clk 01:29:47]} {[%emt 00:00:30]} 5. Nb5 {[%clk 01:31:30]} {[%emt 00:00:08]}
d6 {[%clk 01:30:12]} {[%emt 00:00:05]} 6. c4 {[%clk 01:31:54]} {[%emt
00:00:06]} Be6 {[%clk 01:30:17]} {[%emt 00:00:25]} 7. N1c3 {[%clk 01:32:18]}
{[%emt 00:00:06]} a6 {[%clk 01:30:43]} {[%emt 00:00:04]} 8. Na3 {[%clk
01:32:43]} {[%emt 00:00:06]} g6 {[%clk 01:31:07]} {[%emt 00:00:06]} 9. Nc2
{[%clk 01:32:54]} {[%emt 00:00:19]} Bg7 {[%clk 01:31:11]} {[%emt 00:00:25]} 10.
Bd3 {[%clk 01:32:59]} {[%emt 00:00:25]} Nf6 {[%clk 01:31:15]} {[%emt 00:00:26]}
11. O-O {[%clk 01:32:47]} {[%emt 00:00:42]} O-O {[%clk 01:31:30]} {[%emt
00:00:14]} 12. b3 {[%clk 01:27:05]} {[%emt 00:06:13]} Rc8 {[%clk 01:30:48]}
{[%emt 00:01:12]} 13. Ba3 {[%clk 01:21:00]} {[%emt 00:06:35]} b5 {[%clk
01:14:11]} {[%emt 00:17:07]} 14. Nd5 {[%clk 01:06:21]} {[%emt 00:15:08]} Bxd5
{[%clk 01:12:24]} {[%emt 00:02:18]} 15. cxd5 {[%clk 01:03:05]} {[%emt
00:03:47]} Nd4 {[%clk 01:12:44]} {[%emt 00:00:09]} 16. Nxd4 {[%clk 01:01:00]}
{[%emt 00:02:35]} exd4 {[%clk 01:13:09]} {[%emt 00:00:05]} 17. Qd2 {[%clk
00:56:17]} {[%emt 00:05:14]} Ng4 {[%clk 01:04:35]} {[%emt 00:09:03]} 18. Bb4
{[%clk 00:55:09]} {[%emt 00:01:39]} Re8 {[%clk 01:02:49]} {[%emt 00:02:15]} 19.
h3 {[%clk 00:47:25]} {[%emt 00:08:15]} Ne5 {[%clk 01:00:16]} {[%emt 00:03:03]}
20. a4 {[%clk 00:43:10]} {[%emt 00:04:45]} Qh4 {[%clk 00:51:32]} {[%emt
00:09:13]} 21. f4 {[%clk 00:38:55]} {[%emt 00:04:45]} Nxd3 {[%clk 00:47:04]}
{[%emt 00:04:59]} 22. Qxd3 {[%clk 00:39:09]} {[%emt 00:00:16]} f5 {[%clk
00:45:24]} {[%emt 00:02:10]} 23. Rae1 {[%clk 00:38:46]} {[%emt 00:00:52]} g5
{[%clk 00:24:52]} {[%emt 00:21:02]} 24. axb5 {[%clk 00:30:11]} {[%emt
00:09:06]} axb5 {[%clk 00:24:39]} {[%emt 00:00:43]} 25. Bxd6 {[%clk 00:27:48]}
{[%emt 00:02:52]} Rc3 {[%clk 00:20:37]} {[%emt 00:04:32]} 26. Qxb5 {[%clk
00:27:46]} {[%emt 00:00:32]} Rd8 {[%clk 00:21:00]} {[%emt 00:00:06]} 27. Be7
{[%clk 00:22:25]} {[%emt 00:05:52]} Rxh3 {[%clk 00:19:41]} {[%emt 00:01:49]} 28.
gxh3 {[%clk 00:22:42]} {[%emt 00:00:13]} Qg3+ {[%clk 00:20:06]} {[%emt
00:00:05]} 29. Kh1 {[%clk 00:23:08]} {[%emt 00:00:04]} Qxh3+ {[%clk 00:20:30]}
{[%emt 00:00:06]} 30. Kg1 {[%clk 00:23:35]} {[%emt 00:00:02]} Qg4+ {[%clk
00:19:14]} {[%emt 00:01:47]} 31. Kf2 {[%clk 00:14:20]} {[%emt 00:09:45]} Ra8
{[%clk 00:19:16]} {[%emt 00:00:28]} 32. Qe2 {[%clk 00:13:50]} {[%emt 00:01:00]}
Qh4+ {[%clk 00:18:39]} {[%emt 00:01:07]} 33. Kg1 {[%clk 00:11:07]} {[%emt
00:03:12]} d3 {[%clk 00:18:52]} {[%emt 00:00:18]} 34. Qh2 {[%clk 00:10:22]}
{[%emt 00:01:15]} Qg4+ {[%clk 00:17:05]} {[%emt 00:02:17]} 35. Kh1 {[%clk
00:10:41]} {[%emt 00:00:10]} fxe4 {[%clk 00:15:53]} {[%emt 00:01:43]} 36. Rg1
{[%clk 00:05:55]} {[%emt 00:05:17]} Qf3+ {[%clk 00:15:41]} {[%emt 00:00:41]} 37.
Qg2 {[%clk 00:06:20]} {[%emt 00:00:05]} Qh5+ {[%clk 00:14:56]} {[%emt
00:01:15]} 38. Qh2 {[%clk 00:06:47]} {[%emt 00:00:03]} Qf3+ {[%clk 00:15:20]}
{[%emt 00:00:06]} 39. Qg2 {[%clk 00:07:12]} {[%emt 00:00:05]} Qh5+ {[%clk
00:14:48]} {[%emt 00:01:01]} 40. Qh2 {[%clk 00:07:37]} {[%emt 00:00:05]} Qf3+
{[%clk 00:15:14]} {[%emt 00:00:05]} 1/2-1/2

[Event "Elite Hotels Open 2025"]
[Site "Elite Stadshotellet, Växjö, Sweden"]
[Date "2025.02.09"]
[Round "7.4"]
[White "Ostlund, Joar"]
[Black "Ljung, Harald"]
[Result "1-0"]
[TimeControl "R1-4: 15 min + 5 sek, R5-8: 90 min + 30 sek"]
[WhiteTitle "FM"]
[WhiteElo "2312"]
[BlackElo "2169"]

1. d4 {[%clk 01:29:59]} {[%emt 00:01:01]} d5 {[%clk 01:30:28]} {[%emt
00:00:32]} 2. c4 {[%clk 01:30:08]} {[%emt 00:00:21]} e6 {[%clk 01:30:53]}
{[%emt 00:00:06]} 3. Nc3 {[%clk 01:30:23]} {[%emt 00:00:15]} Nf6 {[%clk
01:31:11]} {[%emt 00:00:11]} 4. cxd5 {[%clk 01:30:24]} {[%emt 00:00:29]} exd5
{[%clk 01:31:36]} {[%emt 00:00:06]} 5. Bg5 {[%clk 01:30:46]} {[%emt 00:00:07]}
Be7 {[%clk 01:31:38]} {[%emt 00:00:28]} 6. e3 {[%clk 01:30:53]} {[%emt
00:00:23]} c6 {[%clk 01:32:03]} {[%emt 00:00:05]} 7. Bd3 {[%clk 01:31:05]}
{[%emt 00:00:18]} Nbd7 {[%clk 01:32:28]} {[%emt 00:00:06]} 8. Qc2 {[%clk
01:30:05]} {[%emt 00:01:30]} Nf8 {[%clk 01:29:21]} {[%emt 00:03:37]} 9. Nf3
{[%clk 01:28:54]} {[%emt 00:01:41]} g6 {[%clk 01:27:40]} {[%emt 00:02:10]} 10.
O-O {[%clk 01:26:07]} {[%emt 00:03:17]} Ne6 {[%clk 01:27:48]} {[%emt 00:00:23]}
11. Bh4 {[%clk 01:25:53]} {[%emt 00:00:45]} O-O {[%clk 01:27:54]} {[%emt
00:00:22]} 12. Rab1 {[%clk 01:23:51]} {[%emt 00:02:32]} Ng7 {[%clk 01:27:16]}
{[%emt 00:01:08]} 13. b4 {[%clk 01:21:24]} {[%emt 00:02:58]} a6 {[%clk
01:27:27]} {[%emt 00:00:17]} 14. a4 {[%clk 01:14:34]} {[%emt 00:07:22]} Bf5
{[%clk 01:26:34]} {[%emt 00:01:23]} 15. b5 {[%clk 01:11:26]} {[%emt 00:03:38]}
axb5 {[%clk 01:23:14]} {[%emt 00:03:50]} 16. axb5 {[%clk 01:11:26]} {[%emt
00:00:29]} Bxd3 {[%clk 01:23:09]} {[%emt 00:00:36]} 17. Qxd3 {[%clk 01:11:46]}
{[%emt 00:00:10]} Nf5 {[%clk 01:23:23]} {[%emt 00:00:16]} 18. Bg5 {[%clk
00:47:17]} {[%emt 00:24:59]} h6 {[%clk 01:06:08]} {[%emt 00:17:45]} 19. Bf4
{[%clk 00:45:29]} {[%emt 00:02:18]} Nh5 {[%clk 01:02:13]} {[%emt 00:04:25]} 20.
Be5 {[%clk 00:44:41]} {[%emt 00:01:18]} Nhg7 {[%clk 00:48:56]} {[%emt
00:13:48]} 21. bxc6 {[%clk 00:41:40]} {[%emt 00:03:30]} bxc6 {[%clk 00:49:20]}
{[%emt 00:00:04]} 22. Qc2 {[%clk 00:31:14]} {[%emt 00:10:57]} f6 {[%clk
00:47:09]} {[%emt 00:02:41]} 23. Bg3 {[%clk 00:31:21]} {[%emt 00:00:24]} h5
{[%clk 00:44:35]} {[%emt 00:03:04]} 24. Ne2 {[%clk 00:28:02]} {[%emt 00:03:49]}
Qd7 {[%clk 00:42:13]} {[%emt 00:02:52]} 25. h3 {[%clk 00:23:29]} {[%emt
00:05:03]} g5 {[%clk 00:38:13]} {[%emt 00:04:30]} 26. Rb6 {[%clk 00:21:55]}
{[%emt 00:02:04]} Nxg3 {[%clk 00:36:14]} {[%emt 00:02:28]} 27. Nxg3 {[%clk
00:22:10]} {[%emt 00:00:15]} h4 {[%clk 00:36:33]} {[%emt 00:00:12]} 28. Ne2
{[%clk 00:21:38]} {[%emt 00:01:02]} Rfc8 {[%clk 00:35:18]} {[%emt 00:01:45]} 29.
Rfb1 {[%clk 00:17:21]} {[%emt 00:04:46]} Ra7 {[%clk 00:35:16]} {[%emt
00:00:33]} 30. Nh2 {[%clk 00:15:29]} {[%emt 00:02:21]} c5 {[%clk 00:21:09]}
{[%emt 00:14:39]} 31. dxc5 {[%clk 00:14:41]} {[%emt 00:01:18]} Bxc5 {[%clk
00:21:09]} {[%emt 00:00:29]} 32. Rb8 {[%clk 00:13:34]} {[%emt 00:01:36]} Rac7
{[%clk 00:21:29]} {[%emt 00:00:11]} 33. Ng4 {[%clk 00:12:44]} {[%emt 00:01:20]}
Be7 {[%clk 00:19:40]} {[%emt 00:02:19]} 34. Qg6 {[%clk 00:12:59]} {[%emt
00:00:14]} Qc6 {[%clk 00:01:35]} {[%emt 00:18:35]} 35. Nd4 {[%clk 00:11:26]}
{[%emt 00:02:03]} Qc1+ {[%clk 00:01:18]} {[%emt 00:00:48]} 36. Rxc1 {[%clk
00:11:40]} {[%emt 00:00:16]} Rxc1+ {[%clk 00:01:45]} {[%emt 00:00:04]} 37. Kh2
{[%clk 00:12:02]} {[%emt 00:00:07]} Bd6+ {[%clk 00:01:37]} {[%emt 00:00:38]} 38.
f4 {[%clk 00:11:18]} {[%emt 00:01:14]} Rxb8 {[%clk 00:01:13]} {[%emt 00:00:54]}
39. Ne6 {[%clk 00:10:53]} {[%emt 00:00:54]} 1-0